[Event "Mercredi 2025.02.04 ABCD"]
[Site "Montreal CAN"]
[Date "2025.04.23"]
[Round "4"]
[White "Ghnatios, Ralph"]
[Black "Cossette, Richard"]
[Result "1-0"]
[WhiteElo "1910"]
[BlackElo "1790"]
[WhiteFideId "-1"]
[WhiteFideId "-1"]
[PlyCount "82"]
[GameId "2172756327923023"]
[EventDate "2025.04.02"]
[EventType "tourn"]
[EventRounds "5"]
[EventCountry "CAN"]

1. e4 d6 2. d4 e5 3. Nf3 exd4 4. Nxd4 g6 5. Bc4 Bg7 6. Nc3 Nf6 7. Bg5 c6 8. O-O O-O 9. a4 Nbd7 10. Qd2 Ne5 11. Ba2 Qc7 12. Rad1 a6 13. f4 Ned7 14. Nf3 Ng4 15. Be7 Qb6+ 16. Nd4 Re8 17. Bxd6 c5 18. Nf3 c4+ 19. Kh1 Ne3 20. Nd5 Nxf1 21. Nxb6 Nxd2 22. Nxa8 Nxe4 23. Kg1 Nxd6 24. Rxd6 Bxb2 25. Bxc4 Ba3 26. Rd3 Bc5+ 27. Kf1 Re4 28. Bxf7+ Kg7 29. Nc7 Rxa4 30. Be6 Nb6 31. Bxc8 Nxc8 32. Ne6+ Kf6 33. Nxc5 Rxf4 34. Nxb7 Ne7 35. Rd6+ Kf7 36. Rxa6 Nd5 37. Nd8+ Ke7 38. Nc6+ Kf7 39. Ke2 Nf6 40. Nce5+ Kg7 41. c4 Ne8 1-0

[Event "Mercredi 2025.02.04 ABCD"]
[Site "Montreal CAN"]
[Date "2025.04.23"]
[Round "4"]
[White "Guillemette, Hugo"]
[Black "Pomerantz, Daniel"]
[Result "0-1"]
[WhiteElo "2278"]
[BlackElo "2096"]
[WhiteFideId "-1"]
[WhiteFideId "-1"]
[PlyCount "78"]
[GameId "2172756327886129"]
[EventDate "2025.04.02"]
[EventType "tourn"]
[EventRounds "5"]
[EventCountry "CAN"]

1. d4 Nf6 2. c4 g6 3. g3 Bg7 4. Bg2 c5 5. d5 O-O 6. Nc3 d6 7. Nf3 e6 8. O-O Re8 9. Re1 exd5 10. cxd5 a6 11. a4 Nbd7 12. Bf4 Qc7 13. e4 Ng4 14. Rc1 Nge5 15. b3 Nxf3+ 16. Bxf3 Ne5 17. Bg2 Bd7 18. f3 b5 19. Be3 Qa5 20. Bf2 b4 21. Nb1 c4 22. bxc4 Bxa4 23. Qe2 b3 24. f4 b2 25. Rc3 Ng4 26. Rd3 Nxf2 27. Qxf2 Qb4 28. c5 Bc2 29. Rd2 Bxe4 30. c6 f5 31. Bxe4 Rxe4 32. Rxe4 fxe4 33. Qe3 a5 34. Kg2 a4 35. Rc2 a3 36. c7 a2 37. c8=Q+ Rxc8 38. Rxc8+ Bf8 39. Qa7 axb1=Q 0-1

[Event "Mercredi 2025.02.04 ABCD"]
[Site "Montreal CAN"]
[Date "2025.04.23"]
[Round "4"]
[White "Liao, Minyam"]
[Black "Allaire, Denis"]
[Result "0-1"]
[WhiteElo "1732"]
[BlackElo "1699"]
[WhiteFideId "-1"]
[WhiteFideId "-1"]
[PlyCount "44"]
[GameId "2172756327935326"]
[EventDate "2025.04.02"]
[EventType "tourn"]
[EventRounds "5"]
[EventCountry "CAN"]

1. d4 d5 2. c4 dxc4 3. e3 Nf6 4. Nf3 Bf5 5. Bxc4 e6 6. Nc3 Be7 7. O-O O-O 8. Nh4 Bg4 9. f3 Bh5 10. g4 Nd5 11. Bxd5 exd5 12. Nf5 Bg6 13. Nxe7+ Qxe7 14. Nxd5 Qd6 15. e4 Na6 16. Bf4 Qd7 17. Be3 f5 18. Qb3 Bf7 19. Qxb7 fxe4 20. fxe4 Qxg4+ 21. Kh1 Qxe4+ 22. Kg1 Bxd5 0-1

[Event "Mercredi 2025.02.04 ABCD"]
[Site "Montreal CAN"]
[Date "2025.04.23"]
[Round "4"]
[White "Lima-Barbosa, Raphael"]
[Black "Singher, Jean-Pierre"]
[Result "1/2-1/2"]
[WhiteElo "1948"]
[BlackElo "2004"]
[WhiteFideId "-1"]
[WhiteFideId "-1"]
[PlyCount "100"]
[GameId "2172756327906624"]
[EventDate "2025.04.02"]
[EventType "tourn"]
[EventRounds "5"]
[EventCountry "CAN"]

1. e4 c5 2. Nf3 Nc6 3. Bb5 e5 4. Bxc6 dxc6 5. d3 Qc7 6. h3 Be7 7. Nbd2 Nf6 8. Nc4 Nd7 9. a4 O-O 10. b3 Re8 11. Bb2 Bf8 12. Qd2 g6 13. O-O Bg7 14. Nh2 Nf6 15. f4 exf4 16. Qxf4 Qxf4 17. Rxf4 Nh5 18. Rf2 Be6 19. Bxg7 Nxg7 20. Ng4 Bxg4 21. hxg4 Ne6 22. Nd6 Re7 23. Raf1 Ng5 24. a5 Rd8 25. Nc4 Re6 26. Kh2 Kg7 27. Kg3 f6 28. Ra1 Rd7 29. a6 b5 30. Ne3 Rd4 31. Rb1 Re5 32. Rbf1 Rd6 33. Rb1 Ne6 34. b4 c4 35. dxc4 Rxe4 36. Rb3 Nd4 37. Rd3 Rde6 38. Rf3 Nxf3 39. Kxf3 bxc4 40. Rc3 R4e5 41. Nxc4 Rb5 42. Rd3 c5 43. Rd7+ Kh6 44. Nd6 Rxd6 45. Rxd6 cxb4 46. Rxf6 Ra5 47. Ke4 Kg5 48. Rd6 Kxg4 49. Kd4 Ra2 50. Kd3 Kg3 1/2-1/2

[Event "Mercredi 2025.02.04 ABCD"]
[Site "Montreal CAN"]
[Date "2025.04.23"]
[Round "4"]
[White "Marcil, Alexandre"]
[Black "Mourad, Michel"]
[Result "1-0"]
[WhiteElo "1724"]
[BlackElo "1713"]
[WhiteFideId "-1"]
[WhiteFideId "-1"]
[PlyCount "53"]
[GameId "2172756327935325"]
[EventDate "2025.04.02"]
[EventType "tourn"]
[EventRounds "5"]
[EventCountry "CAN"]

1. e4 e5 2. Nf3 Nf6 3. Nxe5 d6 4. Nf3 Nxe4 5. Nc3 Nxc3 6. dxc3 Be7 7. Be3 Be6 8. Bd3 Nc6 9. Qd2 Qd7 10. O-O-O h6 11. Kb1 a5 12. Bb5 Bf6 13. h3 Bxa2+ 14. Kxa2 Nb4+ 15. cxb4 axb4+ 16. Kb3 Qxb5 17. Qxb4 Qf5 18. Bd4 b5 19. Rhe1+ Kf8 20. Bxf6 gxf6 21. Qe4 Qc8 22. Ra1 Rb8 23. Ra7 Rg8 24. Qe7+ Kg7 25. Rxc7 Qa6 26. Qxf7+ Kh8 27. Qh7# 1-0

[Event "Mercredi 2025.02.04 ABCD"]
[Site "Montreal CAN"]
[Date "2025.04.23"]
[Round "4"]
[White "Nassif, Aba"]
[Black "Jacquet, Stephane"]
[Result "1-0"]
[WhiteElo "2074"]
[BlackElo "2092"]
[WhiteFideId "-1"]
[WhiteFideId "-1"]
[PlyCount "87"]
[GameId "2172756327906625"]
[EventDate "2025.04.02"]
[EventType "tourn"]
[EventRounds "5"]
[EventCountry "CAN"]

1. d4 d6 2. c4 g6 3. Nc3 Bg7 4. e4 Nf6 5. f3 O-O 6. Be3 c5 7. Nge2 Nc6 8. Qd2 Qa5 9. d5 Ne5 10. Nc1 a6 11. Be2 Rb8 12. a3 h5 13. h3 b5 14. Nb3 Qb6 15. cxb5 axb5 16. Nxb5 Ba6 17. a4 Ne8 18. f4 Nd7 19. Na5 Nc7 20. Nc6 Rb7 21. a5 Qxb5 22. Bxb5 Bxb5 23. Rb1 Re8 24. e5 dxe5 25. fxe5 Nxe5 26. Nxe5 Bxe5 27. Kf2 Rd8 28. Rhd1 Na6 29. Qc2 Rc7 30. Qe4 Bf6 31. Rd2 Nb4 32. Rc1 Rdc8 33. Bf4 Rd7 34. b3 g5 35. Be3 Na6 36. Qf5 Rcd8 37. h4 gxh4 38. Qxh5 e6 39. Rcd1 Bc3 40. Qg4+ Kh7 41. Qxh4+ Kg8 42. Qg3+ Kf8 43. Bh6+ Ke7 44. Qxc3 1-0

[Event "Mercredi 2025.02.04 ABCD"]
[Site "Montreal CAN"]
[Date "2025.04.29"]
[Round "4"]
[White "Gelet, Seymour"]
[Black "Chapdelaine, Gwyn"]
[Result "1-0"]
[WhiteElo "2105"]
[BlackElo "2162"]
[WhiteFideId "-1"]
[WhiteFideId "-1"]
[PlyCount "97"]
[GameId "2172756327886131"]
[EventDate "2025.04.02"]
[EventType "tourn"]
[EventRounds "5"]
[EventCountry "CAN"]

1. d4 d5 2. c4 e6 3. Nf3 Nf6 4. Bg5 h6 5. Bxf6 Qxf6 6. Nc3 c6 7. e3 Nd7 8. Rc1 Bb4 9. Qb3 Bxc3+ 10. bxc3 O-O 11. cxd5 exd5 12. c4 dxc4 13. Bxc4 Nb6 14. Bd3 Be6 15. Qb1 Rad8 16. O-O Rd5 17. Rc5 Rxc5 18. dxc5 Na4 19. Qb4 b5 20. cxb6 Nxb6 21. Bh7+ Kxh7 22. Qxf8 Bxa2 23. e4 Qg6 24. Qa3 Be6 25. Qxa7 Nc4 26. Qd4 c5 27. Qxc5 Qxe4 28. Re1 Qg6 29. Nd4 Bh3 30. Qc6 f6 31. Qf3 Bg4 32. Qe4 Ne5 33. f4 Nd3 34. Qxg6+ Kxg6 35. Re3 Nxf4 36. Rg3 f5 37. h3 Nh5 38. Re3 Nf4 39. Rg3 Nh5 40. Ra3 Kg5 41. Ne6+ Kh4 42. hxg4 Kxg4 43. Kf2 g5 44. Rh3 f4 45. Nd4 Nf6 46. Rxh6 Nd5 47. Nf3 Ne3 48. Rg6 Nxg2 49. Kxg2 1-0

[Event "Mercredi 2025.02.04 ABCD"]
[Site "Montreal CAN"]
[Date "2025.04.30"]
[Round "5"]
[White "Allaire, Denis"]
[Black "Beaulieu, Pierre"]
[Result "1-0"]
[WhiteElo "1699"]
[BlackElo "1733"]
[WhiteFideId "-1"]
[WhiteFideId "-1"]
[PlyCount "49"]
[GameId "2172756327943521"]
[EventDate "2025.04.02"]
[EventType "tourn"]
[EventRounds "5"]
[EventCountry "CAN"]

1. e4 c5 2. d4 cxd4 3. Qxd4 Nc6 4. Qd3 e6 5. Nc3 a6 6. Bf4 b5 7. O-O-O Qf6 8. g3 g5 9. Bd6 Bg7 10. f4 gxf4 11. gxf4 Nge7 12. Nge2 O-O 13. Rg1 Kh8 14. Rg5 Rg8 15. Bg2 Qh6 16. Qf3 Bxc3 17. Qxc3+ f6 18. Bf3 b4 19. Rxg8+ Kxg8 20. Qc5 Kf7 21. Bh5+ Kf8 22. Nd4 e5 23. Nxc6 Qxh5 24. Bxe7+ Ke8 25. Bxf6 1-0

[Event "Mercredi 2025.02.04 ABCD"]
[Site "Montreal CAN"]
[Date "2025.04.30"]
[Round "5"]
[White "Boudreau, Daniel"]
[Black "Barko, Maxim"]
[Result "1/2-1/2"]
[WhiteElo "1845"]
[BlackElo "1910"]
[WhiteFideId "-1"]
[WhiteFideId "-1"]
[PlyCount "148"]
[GameId "2172756327923025"]
[EventDate "2025.04.02"]
[EventType "tourn"]
[EventRounds "5"]
[EventCountry "CAN"]

1. f4 Nh6 2. Nf3 g6 3. e3 Bg7 4. Be2 O-O 5. c4 c5 6. Nc3 e6 7. e4 Nc6 8. d3 b6 9. O-O Bb7 10. Kh1 Nd4 11. Be3 d6 12. Qd2 f5 13. Bxd4 cxd4 14. Nb5 fxe4 15. dxe4 Bxe4 16. Nbxd4 Qf6 17. Rad1 Rae8 18. Ng5 Bb7 19. Nb5 Qxb2 20. Qxb2 Bxb2 21. Nxd6 Re7 22. Nxb7 Rxb7 23. Nxe6 Re8 24. Bf3 Rbe7 25. Ng5 Nf5 26. Bc6 Rc8 27. Bd5+ Kg7 28. Be6 Rcc7 29. Bxf5 gxf5 30. Rb1 Ba3 31. Rf3 Bd6 32. g3 Rxc4 33. Rf2 Bc5 34. Rd2 Kf6 35. Kg2 Ra4 36. Rb3 a5 37. Nf3 Ra3 38. Rxa3 Bxa3 39. Ne5 Ke6 40. Kf3 Bb4 41. Rc2 Bc5 42. h3 Rg7 43. Nc4 Rc7 44. Ne5 Bd6 45. Re2 Rc3+ 46. Kg2 Bxe5 47. Rxe5+ Kf6 48. Re2 Rd3 49. g4 fxg4 50. hxg4 b5 51. Kf2 b4 52. Kg2 a4 53. Rb2 b3 54. axb3 Rxb3 55. Rc2 Rb6 56. Kg3 Ke6 57. Rc7 h6 58. Ra7 Rb4 59. Ra6+ Kd5 60. Rxh6 Kc4 61. g5 a3 62. Ra6 Kb3 63. Rxa3+ Kxa3 64. g6 Rb8 65. Kg4 Kb4 66. f5 Kc5 67. f6 Kd6 68. Kg5 Ke6 69. f7 Rc8 70. Kh6 Kf6 71. Kh7 Ra8 72. f8=Q+ Rxf8 73. g7 Rf7 74. Kh8 Rxg7 1/2-1/2

[Event "Mercredi 2025.02.04 ABCD"]
[Site "Montreal CAN"]
[Date "2025.04.30"]
[Round "5"]
[White "Chapdelaine, Gwyn"]
[Black "Guillemette, Hugo"]
[Result "0-1"]
[WhiteElo "2162"]
[BlackElo "2278"]
[WhiteFideId "-1"]
[WhiteFideId "-1"]
[PlyCount "98"]
[GameId "2172756327894325"]
[EventDate "2025.04.02"]
[EventType "tourn"]
[EventRounds "5"]
[EventCountry "CAN"]

1. e4 c5 2. Nc3 e6 3. d4 cxd4 4. Qxd4 Nc6 5. Qd3 Nf6 6. Bf4 Bc5 7. Be2 Nb4 8. Qd2 d5 9. exd5 Nbxd5 10. Nh3 Bd7 11. O-O O-O 12. Bg5 Nxc3 13. Qxc3 Ne4 14. Qe5 Nxg5 15. Nxg5 Be7 16. Ne4 Bc6 17. Bd3 Qb8 18. Qh5 g6 19. Qh6 Qe5 20. Rae1 Qg7 21. Qc1 Rfd8 22. Rd1 Rac8 23. Rfe1 Rd7 24. c3 Rcd8 25. Qe3 Qe5 26. f4 Qa5 27. b4 Qxa2 28. Rd2 Qb3 29. Rb1 Rxd3 30. Qxd3 Rxd3 31. Rxb3 Bxe4 32. Rxd3 Bxd3 33. Kf2 Bc4 34. Rb1 Bf6 35. Ke3 b5 36. Kd2 g5 37. g3 gxf4 38. gxf4 e5 39. f5 Bg5+ 40. Kc2 Kf8 41. Ra1 e4 42. Rxa7 Bd3+ 43. Kd1 e3 44. f6 e2+ 45. Ke1 Bh4+ 46. Kd2 e1=Q+ 47. Kxd3 Qf1+ 48. Ke4 Qc4+ 49. Kf5 Qe6+ 0-1

[Event "Mercredi 2025.02.04 ABCD"]
[Site "Montreal CAN"]
[Date "2025.04.30"]
[Round "5"]
[White "Genzling, Jerome"]
[Black "Gelet, Seymour"]
[Result "1-0"]
[WhiteElo "2117"]
[BlackElo "2105"]
[WhiteFideId "-1"]
[WhiteFideId "-1"]
[PlyCount "81"]
[GameId "2172756327894326"]
[EventDate "2025.04.02"]
[EventType "tourn"]
[EventRounds "5"]
[EventCountry "CAN"]

1. e4 c5 2. Nf3 Nc6 3. Nc3 Nf6 4. g3 d5 5. exd5 Nxd5 6. Bg2 Nxc3 7. bxc3 e5 8. O-O Be7 9. Re1 Qc7 10. d4 cxd4 11. cxd4 exd4 12. Nxd4 Nxd4 13. Qxd4 O-O 14. Bf4 Qc5 15. Qxc5 Bxc5 16. Rab1 a5 17. Bxb7 Bxb7 18. Rxb7 Bb4 19. Rd1 Rac8 20. Rc7 h6 21. Rdd7 g5 22. Rxf7 Rxf7 23. Rxc8+ Kh7 24. Rc7 Kg6 25. Rxf7 Kxf7 26. Be5 Ke6 27. Bg7 h5 28. f3 Kd5 29. Kf2 Kc4 30. f4 Bc5+ 31. Kg2 g4 32. h3 a4 33. hxg4 hxg4 34. Kf1 Ba3 35. Ke2 Bc1 36. f5 a3 37. f6 Bb2 38. Ke3 Bd4+ 39. Kf4 Kc3 40. Kxg4 Kb2 41. Kf5 1-0

[Event "Mercredi 2025.02.04 ABCD"]
[Site "Montreal CAN"]
[Date "2025.04.30"]
[Round "5"]
[White "Jacquet, Stephane"]
[Black "Lima-Barbosa, Raphael"]
[Result "0-1"]
[WhiteElo "2092"]
[BlackElo "1948"]
[WhiteFideId "-1"]
[WhiteFideId "-1"]
[PlyCount "72"]
[GameId "2172756327910724"]
[EventDate "2025.04.02"]
[EventType "tourn"]
[EventRounds "5"]
[EventCountry "CAN"]

1. d4 Nf6 2. c4 g6 3. Nc3 Bg7 4. e4 d6 5. Nf3 O-O 6. Be2 e5 7. O-O Nc6 8. d5 Ne7 9. Ne1 Nd7 10. Nd3 f5 11. f3 f4 12. Bd2 g5 13. a4 Ng6 14. a5 Rf7 15. b4 Nf6 16. c5 Bf8 17. c6 h5 18. cxb7 Bxb7 19. Nf2 Rg7 20. Be1 Bc8 21. h3 Nh4 22. Rc1 Rb8 23. Na2 Qe8 24. Rc3 Be7 25. Rxc7 Qg6 26. b5 g4 27. fxg4 hxg4 28. Nxg4 Nxg4 29. Bxg4 Bxg4 30. hxg4 Qxe4 31. Bxh4 Bxh4 32. Rxg7+ Kxg7 33. Qc1 Qd4+ 34. Kh1 Rh8 35. g3 Bxg3+ 36. Kg2 Rh2+ 0-1

[Event "Mercredi 2025.02.04 ABCD"]
[Site "Montreal CAN"]
[Date "2025.04.30"]
[Round "5"]
[White "Jenzen, David"]
[Black "Marcil, Alexandre"]
[Result "0-1"]
[WhiteElo "1745"]
[BlackElo "1724"]
[WhiteFideId "-1"]
[WhiteFideId "-1"]
[PlyCount "94"]
[GameId "2172756327943520"]
[EventDate "2025.04.02"]
[EventType "tourn"]
[EventRounds "5"]
[EventCountry "CAN"]

1. Nf3 c5 2. c4 Nc6 3. g3 g6 4. Bg2 Bg7 5. O-O Nf6 6. e3 d5 7. cxd5 Nxd5 8. a3 O-O 9. Qc2 Qd6 10. Nc3 Nxc3 11. bxc3 Bf5 12. e4 Be6 13. d3 Rfd8 14. Rd1 h6 15. h3 Rac8 16. Be3 b6 17. Ne1 Na5 18. Rab1 c4 19. d4 Qxa3 20. f4 Qd6 21. Ra1 Qc7 22. Nf3 Nb3 23. Ra2 a5 24. Qf2 Bd7 25. d5 Nc5 26. e5 Bf5 27. Nd2 Bd3 28. Kh2 b5 29. Bxc5 Qxc5 30. Qxc5 Rxc5 31. Rxa5 f6 32. Re1 fxe5 33. fxe5 Kf8 34. Rf1+ Kg8 35. Re1 g5 36. Ra7 Kf8 37. Re3 Ke8 38. Bf3 Rb8 39. Bh5+ Kd8 40. Rf3 Rc7 41. Rxc7 Kxc7 42. d6+ Kd7 43. Bg4+ Kc6 44. dxe7 Re8 45. Rf7 Bxe5 46. Bf3+ Kd6 47. Rh7 Bxh7 0-1

[Event "Mercredi 2025.02.04 ABCD"]
[Site "Montreal CAN"]
[Date "2025.04.30"]
[Round "5"]
[White "Mourad, Michel"]
[Black "Liao, Minyam"]
[Result "1/2-1/2"]
[WhiteElo "1713"]
[BlackElo "1732"]
[WhiteFideId "-1"]
[WhiteFideId "-1"]
[PlyCount "138"]
[GameId "2172756327935327"]
[EventDate "2025.04.02"]
[EventType "tourn"]
[EventRounds "5"]
[EventCountry "CAN"]

1. d4 d5 2. c4 e6 3. Nc3 a6 4. Nf3 dxc4 5. e3 b5 6. a4 b4 7. Na2 Bb7 8. Bxc4 Nf6 9. O-O Bd6 10. a5 O-O 11. Ne1 c5 12. dxc5 Bxc5 13. Qxd8 Rxd8 14. Nd3 Bd5 15. Bxd5 Rxd5 16. Nxc5 Rxc5 17. Nxb4 Rb5 18. Rd1 Nbd7 19. Nc6 Rc5 20. Nd4 Rd5 21. Bd2 Nc5 22. b4 Nce4 23. f3 Nxd2 24. Rxd2 e5 25. Nb3 Rxd2 26. Nxd2 Nd5 27. Nc4 Nxb4 28. Nxe5 Nc2 29. Rb1 Nxe3 30. Rb7 f6 31. Kf2 Nf5 32. Nd7 Nd6 33. Rc7 Nb5 34. Rc6 Ra7 35. Nc5 Nc7 36. Ke3 Kf7 37. Kd4 Ke7 38. Kc4 Ke8 39. Ne6 Nxe6 40. Rxe6+ Kd7 41. Rb6 Rc7+ 42. Kd5 Ra7 43. f4 Ke7 44. Kc6 Ke6 45. Rb8 Kf5 46. Kb6 Re7 47. Kxa6 Kxf4 48. Rb7 Re6+ 49. Ka7 g5 50. Rxh7 Re2 51. g3+ Kg4 52. a6 f5 53. Kb8 Rb2+ 54. Kc7 Ra2 55. Kb6 Rb2+ 56. Kc5 Ra2 57. a7 Ra3 58. Kb6 Ra2 59. Kb7 Rb2+ 60. Kc8 Ra2 61. Kb8 Rb2+ 62. Rb7 Rxh2 63. Rb3 f4 64. gxf4 gxf4 65. Kc8 Rh8+ 66. Kb7 Rh7+ 67. Ka6 Rxa7+ 68. Kxa7 f3 69. Rxf3 Kxf3 1/2-1/2

[Event "Mercredi 2025.02.04 ABCD"]
[Site "Montreal CAN"]
[Date "2025.04.30"]
[Round "5"]
[White "Pomerantz, Daniel"]
[Black "Batorshyn, Ilia"]
[Result "0-1"]
[WhiteElo "2096"]
[BlackElo "2284"]
[WhiteFideId "-1"]
[WhiteFideId "-1"]
[PlyCount "162"]
[GameId "2172756327890228"]
[EventDate "2025.04.02"]
[EventType "tourn"]
[EventRounds "5"]
[EventCountry "CAN"]

1. e4 e5 2. Nf3 Nf6 3. Nxe5 d6 4. Nf3 Nxe4 5. d4 d5 6. Bd3 Bf5 7. O-O Be7 8. Re1 Nc6 9. Nbd2 Nxd2 10. Qxd2 Bxd3 11. Qxd3 O-O 12. c3 Qd7 13. Bf4 a6 14. Re3 Rae8 15. Rae1 Bd8 16. h3 Rxe3 17. Qxe3 f6 18. b4 Rf7 19. Qe8+ Qxe8 20. Rxe8+ Rf8 21. Re2 Kf7 22. a4 a5 23. b5 Ne7 24. Nd2 Re8 25. g4 Nc8 26. Rxe8 Kxe8 27. Nb3 b6 28. Kf1 Kd7 29. Ke2 Be7 30. Kd3 Bd6 31. Be3 Ne7 32. Nd2 Ng6 33. c4 dxc4+ 34. Nxc4 Ne7 35. Ke4 Ke6 36. f4 f5+ 37. gxf5+ Nxf5 38. d5+ Kf6 39. Bd2 g6 40. Bc3+ Ke7 41. Ne5 Bc5 42. Nc6+ Kd7 43. Ne5+ Ke8 44. Ng4 Be7 45. Be5 Kd7 46. Bf6 Nd6+ 47. Kd4 Nb7 48. Ne5+ Ke8 49. Bxe7 Kxe7 50. Nc4 Kd7 51. Ne5+ Kd6 52. Nf7+ Ke7 53. Ng5 Nc5 54. Nxh7 Nxa4 55. Ng5 Nc5 56. Nf3 Nb7 57. Ng5 Nd6 58. Ne6 Nxb5+ 59. Kc4 Nd6+ 60. Kd4 c5+ 61. Kc3 Kf6 62. Nf8 Kf5 63. h4 b5 64. Ne6 Ne4+ 65. Kd3 a4 66. Nc7 a3 67. Kc2 b4 68. Na6 Kxf4 69. d6 Nxd6 70. Nxc5 Ke3 71. Na6 a2 72. Kb2 b3 73. Nc5 Nc4+ 74. Ka1 Na5 75. Kb2 Kd4 76. Ne6+ Kd3 77. Nf4+ Kd2 78. Nd5 Nc4+ 79. Ka1 Kc1 80. Nc3 Kc2 81. Na4 Na3 0-1

[Event "Mercredi 2025.02.04 ABCD"]
[Site "Montreal CAN"]
[Date "2025.04.30"]
[Round "5"]
[White "Ramesan, Raunak"]
[Black "Nassif, Aba"]
[Result "1-0"]
[WhiteElo "2004"]
[BlackElo "2074"]
[WhiteFideId "-1"]
[WhiteFideId "-1"]
[PlyCount "131"]
[GameId "2172756327910725"]
[EventDate "2025.04.02"]
[EventType "tourn"]
[EventRounds "5"]
[EventCountry "CAN"]

1. e4 c5 2. Nf3 g6 3. d4 cxd4 4. Nxd4 Bg7 5. c4 Nc6 6. Be3 Nf6 7. Nc3 O-O 8. Be2 d6 9. O-O Bd7 10. f3 a5 11. b3 Nxd4 12. Bxd4 Bc6 13. a3 Nd7 14. Bxg7 Kxg7 15. Kh1 Qb6 16. Rb1 Qe3 17. Qc2 Nc5 18. Rfe1 Ne6 19. Bd3 Qg5 20. Ne2 Qe5 21. Qd2 g5 22. Ng3 Nf4 23. Nf5+ Kh8 24. Bf1 Qf6 25. g3 Ng6 26. Bg2 Rfc8 27. Rbc1 Bd7 28. Ne3 Be6 29. Rf1 Qe5 30. Ng4 Bxg4 31. fxg4 f6 32. Rf5 Qe6 33. e5 Nxe5 34. Bxb7 Nxg4 35. Rff1 Rab8 36. Bxc8 Qe4+ 37. Kg1 Rxc8 38. Rce1 Qb7 39. Qxa5 Ne5 40. Qc3 g4 41. a4 Rc5 42. Re3 Qb6 43. Qd4 Qc6 44. Qf4 Kg7 45. Rxe5 Rxe5 46. Qxg4+ Kf7 47. Qf3 Qb6+ 48. Kg2 Qd4 49. Rf2 h5 50. Re2 Rg5 51. Qb7 Re5 52. Rxe5 Qb2+ 53. Kh3 fxe5 54. a5 Qf2 55. Qe4 Qf1+ 56. Kh4 Qf6+ 57. Kxh5 Qh8+ 58. Kg4 Qg7+ 59. Kf3 Qf6+ 60. Kg2 Qg5 61. Qd5+ Kf6 62. a6 Qg6 63. a7 Qc2+ 64. Kf3 e6 65. Qe4 Qxb3+ 66. Kg4 1-0

[Event "Mercredi 2025.02.04 ABCD"]
[Site "Montreal CAN"]
[Date "2025.04.30"]
[Round "5"]
[White "Singher, Jean-Pierre"]
[Black "Di Matteo, Alessio"]
[Result "1/2-1/2"]
[WhiteElo "2004"]
[BlackElo "1949"]
[WhiteFideId "-1"]
[WhiteFideId "-1"]
[PlyCount "105"]
[GameId "2172756327910723"]
[EventDate "2025.04.02"]
[EventType "tourn"]
[EventRounds "5"]
[EventCountry "CAN"]

1. Nf3 Nf6 2. g3 d5 3. Bg2 Bf5 4. c4 e6 5. O-O c6 6. d4 h6 7. Nc3 Be7 8. Nd2 Nbd7 9. e4 dxe4 10. Ndxe4 O-O 11. Qe2 Nxe4 12. Nxe4 Nf6 13. Rd1 Qa5 14. Bd2 Qa6 15. Nc3 Rfe8 16. a3 Rad8 17. Bf4 Bd6 18. Be5 Ng4 19. Bxd6 Rxd6 20. Ne4 Bxe4 21. Bxe4 Nf6 22. Bd3 Qa5 23. Rd2 Qd8 24. Rad1 Kf8 25. Bc2 Qe7 26. f4 Red8 27. g4 c5 28. h3 Rxd4 29. Rxd4 cxd4 30. g5 hxg5 31. fxg5 Ng8 32. Qe5 Qd6 33. Qxd6+ Rxd6 34. Be4 b6 35. b4 f5 36. c5 Rd8 37. Bb7 e5 38. c6 Ne7 39. c7 Re8 40. Rc1 d3 41. Kf2 Nc8 42. Ke3 e4 43. Bc6 Re7 44. Bb7 f4+ 45. Kd2 Re8 46. Bc6 Re5 47. Bb7 Re8 48. Bc6 Re5 49. Bb7 Re8 50. Bc6 Re5 51. Bb7 Re8 52. Bc6 Re5 53. Bb7 1/2-1/2

[Event "Mercredi 2025.02.04 ABCD"]
[Site "Montreal CAN"]
[Date "2025.04.30"]
[Round "5"]
[White "Templonueva, Mark Geryl"]
[Black "Ghnatios, Ralph"]
[Result "0-1"]
[WhiteElo "1904"]
[BlackElo "1910"]
[WhiteFideId "-1"]
[WhiteFideId "-1"]
[PlyCount "66"]
[GameId "2172756327927122"]
[EventDate "2025.04.02"]
[EventType "tourn"]
[EventRounds "5"]
[EventCountry "CAN"]

1. f4 d5 2. Nf3 Nf6 3. e3 b6 4. Be2 Bb7 5. d4 e6 6. Ne5 Ne4 7. g3 f6 8. Nd3 Bd6 9. Bh5+ g6 10. Bf3 Nd7 11. Nd2 Qe7 12. Bxe4 dxe4 13. Nf2 e5 14. c3 O-O-O 15. Nc4 exd4 16. Nxd6+ Qxd6 17. cxd4 h5 18. Qa4 h4 19. g4 Kb8 20. b4 g5 21. f5 c5 22. Bb2 Ne5 23. O-O-O cxd4 24. Rxd4 Qc7+ 25. Kb1 Nd3 26. Nxd3 exd3 27. Rc1 Qe7 28. Rxd8+ Rxd8 29. Bd4 Bf3 30. h3 d2 31. Rf1 Qe4+ 32. Qc2 Rxd4 33. exd4 Qxd4 0-1

[Event "Mercredi 2025.02.19 ABCD"]
[Site "Montreal CAN"]
[Date "2025.02.19"]
[Round "1"]
[White "Bain-Thouverez, Aurelien"]
[Black "Beaulieu, Pierre"]
[Result "0-1"]
[WhiteElo "1804"]
[BlackElo "1720"]
[WhiteFideId "-1"]
[WhiteFideId "-1"]
[PlyCount "44"]
[GameId "2157618670129393"]
[EventDate "2025.02.19"]
[EventType "tourn"]
[EventRounds "5"]
[EventCountry "CAN"]

1. Nf3 Nf6 2. c4 b6 3. Nc3 e6 4. e4 d6 5. d4 Be7 6. Bd3 Bb7 7. O-O Nbd7 8. Bf4 h5 9. h3 a6 10. Qe2 Ng8 11. Rad1 g5 12. Be3 Kf8 13. c5 bxc5 14. dxc5 g4 15. cxd6 cxd6 16. Ne1 gxh3 17. gxh3 Qa5 18. f4 Ngf6 19. Nf3 Nc5 20. e5 Nd5 21. Ne4 Nxe3 22. Qxe3 Nxd3 {illisible} 0-1

[Event "Mercredi 2025.02.19 ABCD"]
[Site "Montreal CAN"]
[Date "2025.02.19"]
[Round "1"]
[White "Barko, Maxim"]
[Black "Jacquet, Stephane"]
[Result "0-1"]
[WhiteElo "1967"]
[BlackElo "2042"]
[WhiteFideId "-1"]
[WhiteFideId "-1"]
[PlyCount "76"]
[GameId "2157618670129368"]
[EventDate "2025.02.19"]
[EventType "tourn"]
[EventRounds "5"]
[EventCountry "CAN"]

1. d4 d6 2. e4 g6 3. Nc3 Bg7 4. Be3 a6 5. Bd3 b5 6. Nce2 Nd7 7. c3 Ngf6 8. h3 Bb7 9. f3 O-O 10. Qd2 e5 11. d5 c6 12. dxc6 Bxc6 13. h4 h5 14. Nh3 d5 15. Nf2 Qe7 16. exd5 Bxd5 17. Ng3 Nc5 18. Nfe4 Nxd3+ 19. Qxd3 Nxe4 20. Nxe4 Rad8 21. Bb6 Rd7 22. Qe3 Rb8 23. Bc5 Qd8 24. Rd1 Bxa2 25. Rxd7 Qxd7 26. Qg5 Qd3 27. Kf2 Bb3 28. Bd6 Re8 29. Nf6+ Bxf6 30. Qxf6 Qd2+ 31. Kg3 Re6 32. Qd8+ Kh7 33. Be7 Qf4+ 34. Kf2 e4 35. Qf8 e3+ 36. Ke2 Qc4+ 37. Ke1 Rxe7 38. Qxe7 Qd3 0-1

[Event "Mercredi 2025.02.19 ABCD"]
[Site "Montreal CAN"]
[Date "2025.02.19"]
[Round "1"]
[White "Batorshyn, Ilia"]
[Black "Genzling, Jerome"]
[Result "1-0"]
[WhiteElo "2253"]
[BlackElo "2104"]
[WhiteFideId "-1"]
[WhiteFideId "-1"]
[PlyCount "127"]
[GameId "2157618669867207"]
[EventDate "2025.02.19"]
[EventType "tourn"]
[EventRounds "5"]
[EventCountry "CAN"]

1. Nf3 d5 2. b3 Nf6 3. Bb2 Bg4 4. e3 Nbd7 5. Be2 e6 6. O-O Bd6 7. d3 c5 8. Nbd2 Qc7 9. c4 Rc8 10. cxd5 exd5 11. h3 Bf5 12. d4 O-O 13. dxc5 Qxc5 14. Nd4 Bg6 15. Nb5 Be5 16. Ba3 Qb6 17. Bxf8 Bxa1 18. Qxa1 Kxf8 19. Rc1 Rc5 20. Nc3 a5 21. Na4 Rxc1+ 22. Qxc1 Qc6 23. Qa3+ Kg8 24. Nf3 h6 25. Nd4 Qc7 26. Bb5 Ne4 27. Bxd7 Qxd7 28. Nb6 Qd8 29. Qxa5 Qh4 30. Qe1 Qd8 31. Na4 Qc7 32. f3 Nf6 33. Qc3 Qg3 34. Ne2 Qh4 35. Nc5 b6 36. Na4 b5 37. Nb2 b4 38. Qd2 Bb1 39. Nc1 d4 40. exd4 Nd5 41. Nd1 Nf4 42. Kh2 Bf5 43. Qf2 Qd8 44. Kh1 Bxh3 45. gxh3 Nxh3 46. Qe3 g6 47. Nf2 Ng5 48. Ne2 Qa8 49. Ne4 Qxa2 50. Nxg5 hxg5 51. d5 Qb1+ 52. Kg2 Qd1 53. Nd4 g4 54. f4 g3 55. d6 Qh5 56. Qe8+ Kh7 57. Qxf7+ Kh8 58. Qe8+ Kh7 59. Qd7+ Kg8 60. Qc8+ Kf7 61. Qe6+ Kf8 62. Nf3 Qc5 63. Kxg3 g5 64. Qf6+ 1-0